[Event "RA-2012-0-00217"]
[Site "LSS email"]
[Date "2012.06.16"]
[Round "?"]
[White "Chernenky, Konstantin"]
[Black "Carroll, Patrick J"]
[Result "0-1"]
[WhiteElo "2000"]
[BlackElo "2148"]
[PlyCount "60"]
[EventDate "2012.05.24"]
[EventType "tourn (corr)"]
[EventRounds "6"]
[EventCountry "GER"]
[SourceTitle "Telechess CBM 155"]
[Source "ChessBase"]
[SourceDate "2013.07.16"]
[SourceVersion "1"]
[SourceVersionDate "2013.07.16"]
[SourceQuality "1"]

1. e4 c5 2. c3 Nf6 3. e5 Nd5 4. Nf3 Nc6 5. d4 cxd4 6. cxd4 g6 7. Qb3 e6 8. Nc3 Nxc3 9. bxc3 b6 10. Be2 Bb7 11. 0-0 Rc8 12. Bg5 Be7 13. Bh6 Bf8 14. Bg5 Be7 15. Bh6 Na5 16. Qc2 Bxf3 17. Bxf3 Bg5 18. Bxg5 Qxg5 19. Be2 0-0 20. f4 Qe7 21. Ba6 Rc7 22. Rf3 d5 23. exd6 Qxd6 24. Rd1 Nc4 25. a4 Rd8 26. Qe2 Qd5 27. Bb5 Nd6 28. Qb2 Qb7 29. Qe2 h5 30. Re1 Qd5 0-1

[Event "LSS SA-2010-0-00139"]
[Site "LSS email"]
[Date "2010.07.07"]
[Round "?"]
[White "Chernenky, Konstantin"]
[Black "Andersson, Soren O"]
[Result "0-1"]
[WhiteElo "2000"]
[BlackElo "2000"]
[PlyCount "56"]
[EventDate "2010.06.06"]
[EventType "tourn (corr)"]
[EventRounds "6"]
[EventCountry "GER"]
[SourceTitle "Telechess CBM 143"]
[Source "ChessBase"]
[SourceDate "2011.07.15"]
[SourceVersion "1"]
[SourceVersionDate "2011.07.15"]
[SourceQuality "1"]

1. e4 e6 2. d4 d5 3. Nd2 c5 4. Ngf3 cxd4 5. exd5 Qxd5 6. Bc4 Qd6 7. 0-0 Nf6 8. Nb3 Nc6 9. Nfxd4 Nxd4 10. Nxd4 a6 11. c3 Qc7 12. Bd3 Bd6 13. h3 Bd7 14. Re1 0-0-0 15. Qc2 h6 16. Be3 g5 17. a4 g4 18. h4 g3 19. f3 Bf4 20. Qc1 Nd5 21. Bxf4 Nxf4 22. Qe3 e5 23. Nf5 Kb8 24. a5 Bxf5 25. Bxf5 Rd5 26. Rad1 Rhd8 27. Rxd5 Rxd5 28. Be4 Rxa5 0-1